Music Quiz

Random Music or Lyrics Quiz

1990s Lyric Match Quiz Stats

 Plays Quiz Updated Jul 12, 2014

Support Sporcle.
Go Orange.
Score 0/25 Timer 07:00
17 Plays Today
% Correct
Loser
88.8%
Tears in Heaven
84.5%
Smells Like Teen Spirit
82.3%
Don't Speak
80.8%
Enter Sandman
80.7%
Losing My Religion
80.5%
No Diggity
79.4%
All-Star
79%
(Everything I Do) I Do It For You
79%
Waterfalls
77.8%
Fields of Gold
75.1%
Under the Bridge
74.6%
Good Riddance (Time of Your Life)
73.6%
% Correct
Buddy Holly
70.7%
You Oughta Know
69.5%
Kiss From a Rose
68.1%
No Rain
67.6%
Breakfast at Tiffany's
63.2%
Semi-Charmed Life
62%
One Headlight
60.2%
All I Wanna Do
59.9%
Two Princes
56.3%
Gangsta's Paradise
53.8%
Stay (I Missed You)
52.7%
Only Wanna Be With You
49.4%

You're not logged in!

Compare scores with friends on all Sporcle quizzes.
OR
Log In

From the Vault

TV Character Blitz

by Thebiguglyalien

This quiz is kind of like watching 16 shows all at one...on fast forward.
Remove Ads.
Support Sporcle.
Get the best of Sporcle when you Go Orange. This ad-free experience offers more features, more stats, and more fun while also helping to support Sporcle. Thank you for becoming a member.

Show Comments

Extras

Top Quizzes Today


Score Distribution

Your Account Isn't Verified!

In order to create a playlist on Sporcle, you need to verify the email address you used during registration. Go to your Sporcle Settings to finish the process.

Report this User

Report this user for behavior that violates our Community Guidelines.

Details: